[Event "Sydney International Open"]
[Site "*"]
[Date "2007.04.14"]
[Round "8.44"]
[White "Escalante, Lorenzo"]
[Black "Lovejoy, David"]
[Result "1-0"]
[WhiteElo "1855"]
[BlackElo "2003"]
[PlyCount "95"]

1. d4 Nf6 2. c4 g6 3. Nf3 Bg7 4. Bg5 h6 5. Bh4 c5 6. Nc3 g5 7. Bg3 g4 8. Nh4
cxd4 9. Qxd4 Nc6 10. Qd2 Qa5 11. e3 d6 12. Bd3 Be6 13. O-O Ne5 14. b4 Qxb4 15.
Rab1 Qc5 16. Rb5 Nxd3 17. Rxc5 Nxc5 18. Nd5 Nxd5 19. cxd5 Bd7 20. f3 gxf3 21.
gxf3 Bf6 22. Ng2 Rg8 23. Rb1 a5 24. Rb6 a4 25. a3 Kd8 26. Kf1 Bh3 27. Kf2 Kc7
28. Rb1 b6 29. Nf4 Bd7 30. Nd3 Nb3 31. Qb4 Ra5 32. Nc1 Rxd5 33. Nxb3 axb3 34.
Qxb3 Rb5 35. Qc4+ Rc5 36. Qa6 Rb8 37. a4 Bc6 38. Rb4 Rc2+ 39. Kf1 Bxf3 40. Rc4+
Rxc4 41. Qxc4+ Kb7 42. Qxf7 Kc6 43. Qc4+ Kd7 44. e4 Bg5 45. Qb5+ Kd8 46. e5 d5
47. e6 Rb7 48. Qc6 1-0

[Event "Sydney International Open"]
[Site "*"]
[Date "2007.04.14"]
[Round "8.45"]
[White "Szuveges, Narelle S"]
[Black "Davis, Tony J"]
[Result "1-0"]
[WhiteElo "1841"]
[BlackElo "1978"]
[PlyCount "127"]

1. d4 d5 2. c4 Nc6 3. cxd5 Qxd5 4. Nf3 e5 5. Nc3 Bb4 6. e3 Bg4 7. Be2 exd4 8.
O-O Qd7 9. Nxd4 Bxe2 10. Ncxe2 Nge7 11. Bd2 Bc5 12. Bc3 O-O 13. b3 Rad8 14. Qc2
Ne5 15. Ng3 Ng4 16. h3 Nh6 17. Rad1 Qc8 18. Ne4 Bb6 19. Ba1 Kh8 20. Ng5 Ng6 21.
Qc3 Rg8 22. Rd2 Rd5 23. Ngf3 c6 24. Rfd1 Qf8 25. Qb2 Bc7 26. Ne2 Rxd2 27. Rxd2
Qe7 28. Qd4 c5 29. Qc3 Nf5 30. Bb2 Nfh4 31. Nxh4 Nxh4 32. Qc4 Qg5 33. Qg4 Qxg4
34. hxg4 Rd8 35. Rxd8+ Bxd8 36. Nf4 Kg8 37. Nh5 f6 38. Nf4 Kf7 39. Nd3 Be7 40.
g3 Nf3+ 41. Kg2 Nd2 42. f3 b5 43. Kf2 c4 44. Nc1 Nb1 45. Ne2 Bb4 46. bxc4 bxc4
47. Bc1 a6 48. Nd4 Ba3 49. Bxa3 Nxa3 50. Ke2 Ke7 51. Nf5+ Kf7 52. Kd2 g6 53.
Nd6+ Ke6 54. Ne4 a5 55. Kc3 h6 56. Kd4 f5 57. gxf5+ gxf5 58. Nd2 Nc2+ 59. Kxc4
Nxe3+ 60. Kb5 Kd5 61. Kxa5 Kc5 62. a4 h5 63. f4 Nd5 64. Nf3 1-0

[Event "Sydney International Open"]
[Site "*"]
[Date "2007.04.14"]
[Round "8.46"]
[White "Selnes, Hamish"]
[Black "Cvetkoski, Tode"]
[Result "1/2-1/2"]
[WhiteElo "1976"]
[BlackElo "1705"]
[PlyCount "188"]

1. e4 e6 2. d4 b6 3. c4 Bb7 4. Nc3 a6 5. Qc2 Nc6 6. Be3 g6 7. Nf3 Bg7 8. Be2
Nf6 9. h3 d6 10. Qd2 Ne7 11. Bd3 c5 12. d5 e5 13. a4 a5 14. Ra3 Ba6 15. Bh6 O-O
16. Ng1 Kh8 17. f3 Bxh6 18. Qxh6 Neg8 19. Qe3 Nh5 20. Nge2 Qh4+ 21. Qf2 Qf6 22.
g3 Qe7 23. Qe3 Ng7 24. g4 Ne8 25. h4 Kg7 26. Ng3 Bc8 27. h5 h6 28. Ra1 g5 29.
Kd2 Nc7 30. Nd1 Qe8 31. Qe2 Ne7 32. Ne3 f6 33. b3 Bd7 34. Kc3 Rb8 35. Kc2 Na6
36. Kc3 Kh7 37. Kc2 Nb4+ 38. Kc3 Rb7 39. Rhb1 Qf7 40. Rd1 Rfb8 41. Rdb1 Qe8 42.
Nef5 Nxf5 43. exf5 Qf8 44. Ne4 Rd8 45. Rd1 Bc8 46. Rdb1 Re7 47. Rd1 Bb7 48. Bc2
Kg7 49. Rd2 Rc7 50. Rdd1 Qf7 51. Kb2 Ba6 52. Nc3 Re7 53. Be4 Bb7 54. Rd2 Rc8
55. Rdd1 Rec7 56. Nb5 Rd7 57. Nc3 Ra8 58. Rd2 Bc8 59. Rdd1 Rb7 60. Rd2 Bd7 61.
Rdd1 Na6 62. Rd2 Nc7 63. Bd3 Re8 64. Be4 Reb8 65. Bd3 Ra7 66. Be4 Qe8 67. Rdd1
Bc8 68. Rd2 Ba6 69. Rdd1 Qd7 70. Rd2 Qd8 71. Rdd1 Bc8 72. Rd2 Bd7 73. Bd3 Rbb7
74. Rdd1 Qb8 75. Rd2 Na8 76. Rdd1 Be8 77. Rd2 Rc7 78. Be4 Rc8 79. Rdd1 Qc7 80.
Rd2 Bd7 81. Rdd1 Rb8 82. Rd2 Qd8 83. Rdd1 Bc8 84. Nb5 Re7 85. Rd2 Nc7 86. Nc3
Na6 87. Rdd1 Nb4 88. Rd2 Ba6 89. Rdd1 Rc7 90. Rd2 Rcc8 91. Rdd1 Ra8 92. Rd2 Rc7
93. Rdd1 Raa7 94. Rd2 Re7 1/2-1/2

[Event "Sydney International Open"]
[Site "*"]
[Date "2007.04.14"]
[Round "8.47"]
[White "Harris, Benjamin"]
[Black "Canfell, Mike J"]
[Result "1/2-1/2"]
[WhiteElo "1819"]
[BlackElo "1976"]
[PlyCount "90"]

1. d4 Nf6 2. c4 g6 3. f3 Bg7 4. e4 d6 5. Nc3 O-O 6. Be3 c5 7. d5 e6 8. Qd2 exd5
9. cxd5 a6 10. a4 Re8 11. Be2 Qa5 12. Ra3 h5 13. Bf4 Qd8 14. a5 b5 15. axb6
Qxb6 16. Na4 Qc7 17. b4 cxb4 18. Qxb4 Rd8 19. Qb6 Ra7 20. Bd3 Ne8 21. Ne2 Nd7
22. Qxc7 Rxc7 23. Be3 Rb7 24. Kf2 Rb4 25. Bd2 Rxa4 26. Rxa4 Nc5 27. Ra3 Bb2 28.
Ra2 Nxd3+ 29. Ke3 Ne5 30. f4 Ng4+ 31. Kf3 Bg7 32. h3 Nh6 33. Rc1 Bb7 34. Rb1
Rd7 35. Bc3 f5 36. Bxg7 fxe4+ 37. Kxe4 Kxg7 38. Nc3 Nf6+ 39. Kd3 Nf5 40. Ra5
Re7 41. Rb6 h4 42. Kd2 Ng3 43. Kd3 Nf5 44. Kd2 Ng3 45. Kd3 Nf5 1/2-1/2

[Event "Sydney International Open"]
[Site "*"]
[Date "2007.04.14"]
[Round "8.48"]
[White "Descallar, Levi"]
[Black "Pickering, Anthony"]
[Result "0-1"]
[WhiteElo "1787"]
[BlackElo "1961"]
[PlyCount "50"]

1. d4 e6 2. Nf3 c5 3. e3 Nf6 4. Bd3 d5 5. b3 Nc6 6. O-O Qc7 7. Bb2 Bd6 8. dxc5
Bxc5 9. Bxf6 gxf6 10. Nc3 Bd7 11. Nb5 Qb6 12. c4 Ne7 13. a4 a6 14. a5 Qd8 15.
Nbd4 e5 16. b4 Bxb4 17. Nc2 Bxa5 18. cxd5 Nxd5 19. Bc4 Be6 20. Qb1 Nc3 21. Qb3
Bxc4 22. Qxc4 Rc8 23. Qb3 O-O 24. Kh1 Qd5 25. Qa4 Nxa4 0-1

[Event "Sydney International Open"]
[Site "*"]
[Date "2007.04.14"]
[Round "8.49"]
[White "Yu, Derek"]
[Black "Ninchich, Milan"]
[Result "1-0"]
[WhiteElo "1958"]
[BlackElo "1647"]
[PlyCount "57"]

1. e4 e5 2. Nf3 Nc6 3. Bb5 a6 4. Ba4 Nf6 5. O-O Nxe4 6. d4 Be7 7. Re1 Nd6 8.
Nxe5 O-O 9. Nc3 b5 10. Bb3 Bf6 11. Nd5 Na5 12. Qf3 Nxb3 13. axb3 Rb8 14. Qg4
Ne8 15. Nxf6+ Nxf6 16. Qg3 Nh5 17. Qf3 Nf6 18. Qg3 Nh5 19. Qf3 Nf6 20. Bg5 Rb6
21. Ng4 Bb7 22. Qg3 Kh8 23. Qh4 Bd5 24. Re3 Kg8 25. Rh3 h6 26. Nxh6+ gxh6 27.
Qxh6 Nh5 28. Qxh5 Qxg5 29. Qh7# 1-0

[Event "Sydney International Open"]
[Site "*"]
[Date "2007.04.14"]
[Round "8.51"]
[White "Jule, Alexandra"]
[Black "Parker, Trent"]
[Result "1-0"]
[WhiteElo "1909"]
[BlackElo "1483"]
[PlyCount "53"]

1. d4 Nf6 2. Nf3 d5 3. Bf4 c5 4. c3 Qb6 5. Qb3 Bf5 6. e3 c4 7. Qxb6 axb6 8. Na3
e6 9. Nb5 Na6 10. Nh4 Bc2 11. a4 Ne4 12. Nf3 Rd8 13. Be2 Nd6 14. O-O Be7 15.
Rfc1 Bb3 16. Nd2 O-O 17. Nxb3 cxb3 18. Nxd6 Bxd6 19. Bxd6 Rxd6 20. Ra3 Rc6 21.
Rxb3 Ra8 22. Ra1 Nc7 23. a5 b5 24. Bxb5 Nxb5 25. Rxb5 b6 26. Ra3 f6 27. Rxb6
1-0

[Event "Sydney International Open"]
[Site "*"]
[Date "2007.04.14"]
[Round "8.52"]
[White "Christensen, Joshua"]
[Black "Huynh, Arthur"]
[Result "0-1"]
[WhiteElo "1605"]
[BlackElo "1879"]
[PlyCount "42"]

1. d4 Nc6 2. c4 d5 3. e3 Nf6 4. Nf3 Bg4 5. Nc3 e5 6. Be2 exd4 7. Nxd4 Bxe2 8.
Ndxe2 dxc4 9. Qa4 Bd6 10. Qxc4 O-O 11. O-O Ne5 12. Qb5 Nfg4 13. h3 Qh4 14. Nd4
c5 15. Nf5 Nf3+ 16. Kh1 Nxf2+ 17. Rxf2 Qxf2 18. Bd2 Nxd2 19. Nxd6 Qxe3 20. Nd5
Qe6 21. Qxc5 Rad8 0-1

[Event "Sydney International Open"]
[Site "*"]
[Date "2007.04.14"]
[Round "8.54"]
[White "Tulevski, Vasil G"]
[Black "Evans, David A"]
[Result "1-0"]
[WhiteElo "2001"]
[BlackElo "1597"]
[PlyCount "63"]

1. d4 Nf6 2. c4 g6 3. Nc3 Bg7 4. e4 d6 5. Bd3 O-O 6. h3 c5 7. d5 e6 8. Nge2
exd5 9. cxd5 Nbd7 10. Be3 Ne5 11. Bc2 Nc4 12. Bc1 a6 13. b3 Ne5 14. a4 Ne8 15.
f4 Nf3+ 16. gxf3 Bxc3+ 17. Nxc3 Qh4+ 18. Ke2 Ng7 19. Qe1 Qf6 20. f5 Re8 21.
fxg6 fxg6 22. Be3 Nh5 23. Kd2 Qxf3 24. Qf2 Rf8 25. Qxf3 Rxf3 26. Bd1 Rxh3 27.
Bxh5 Rxh5 28. Rxh5 gxh5 29. Bf4 Bg4 30. Bxd6 Rc8 31. Rf1 h4 32. e5 1-0

[Event "Sydney International Open"]
[Site "*"]
[Date "2007.04.14"]
[Round "8.55"]
[White "Forster, William"]
[Black "Cohn, Jason"]
[Result "0-1"]
[WhiteElo "1983"]
[BlackElo "1612"]
[PlyCount "70"]

1. e4 d5 2. exd5 Qxd5 3. Nf3 Nf6 4. d4 c6 5. c4 Qa5+ 6. Nc3 Bf5 7. Bd3 e6 8.
O-O Bd6 9. Re1 Nbd7 10. a3 O-O 11. b4 Bxb4 12. axb4 Qxa1 13. Qc2 Bxd3 14. Qxd3
Qa6 15. h4 Rad8 16. Bg5 h6 17. Bf4 Nd5 18. Bd6 Nxc3 19. Bxf8 Na4 20. b5 cxb5
21. cxb5 Qa5 22. Be7 Re8 23. Bd6 Qc3 24. Qe4 Qc8 25. Bb4 Nf6 26. Qb1 Nd5 27.
Rc1 Nac3 28. Bxc3 Nxc3 29. Rxc3 Qxc3 30. Qe4 Qc1+ 31. Kh2 Qc7+ 32. g3 Qb6 33.
Ne5 Qxb5 34. Qf4 f6 35. Ng4 Qf5 0-1

[Event "Sydney International Open"]
[Site "*"]
[Date "2007.04.14"]
[Round "8.56"]
[White "Maroroa, Sue"]
[Black "Setiabudi, Allen"]
[Result "1/2-1/2"]
[WhiteElo "1932"]
[BlackElo "1476"]
[PlyCount "87"]

1. e4 e5 2. Nc3 Nc6 3. Bc4 Nf6 4. d3 Be7 5. f4 exf4 6. Bxf4 O-O 7. Nf3 d6 8.
O-O Be6 9. Bb3 Qd7 10. Qe1 Bxb3 11. axb3 Ng4 12. h3 Nge5 13. Nd5 Nxf3+ 14. Rxf3
Bd8 15. Qg3 Kh8 16. Raf1 Nd4 17. R3f2 Ne6 18. Be3 c6 19. Nf4 Bf6 20. c3 Be5 21.
Qg4 Nc5 22. Qxd7 Nxd7 23. d4 Bf6 24. Nh5 Kg8 25. Bf4 Be7 26. Ng3 d5 27. exd5
cxd5 28. Nf5 Bf6 29. Ne3 Nb6 30. Bc7 Rae8 31. Bxb6 Rxe3 32. Bxa7 Ra8 33. Bc5
Ra2 34. Ba3 Rxa3 35. bxa3 Rxc3 36. Rf3 Bxd4+ 37. Kh1 f6 38. Rxc3 Bxc3 39. Rf5
Be5 40. Kg1 Kf7 41. Kf1 Ke6 42. Rf3 d4 43. Ke2 Kd5 44. Kd3 1/2-1/2

[Event "Sydney International Open"]
[Site "*"]
[Date "2007.04.14"]
[Round "8.57"]
[White "Gearing, Michael"]
[Black "Rachmadi, Herman"]
[Result "1-0"]
[WhiteElo "1661"]
[BlackElo "1862"]
[PlyCount "103"]

1. e4 c5 2. Nc3 e5 3. g3 Nc6 4. Bg2 a6 5. d3 d6 6. f4 Nf6 7. Nf3 Be7 8. O-O O-O
9. f5 b5 10. h3 Bb7 11. g4 Qc7 12. g5 Ne8 13. Nh2 Qd8 14. Qh5 Nd4 15. Rf2 Qd7
16. Qg4 f6 17. h4 b4 18. Nd1 Nc7 19. Ne3 Rac8 20. g6 h6 21. c3 Ndb5 22. Qd1 Kh8
23. c4 Nd4 24. Neg4 Rfd8 25. Nf1 Qe8 26. Ng3 Qg8 27. Be3 Bf8 28. Qd2 Ne8 29.
Nh5 Rc7 30. Kh2 Re7 31. Rg1 Rc8 32. b3 Nc6 33. Bh1 Nb8 34. Bxh6 Nd7 35. Be3 a5
36. Ng3 Nb8 37. Qd1 Qh7 38. gxh7 Kxh7 39. Nf1 Rcc7 40. h5 Rf7 41. Qf3 Nd7 42.
Rg3 Be7 43. h6 gxh6 44. Nxh6 Rg7 45. Rfg2 Bf8 46. Qh5 Nb6 47. Qxe8 Rc8 48. Qh5
Rcc7 49. Rxg7+ Bxg7 50. Qg6+ Kh8 51. Nf7+ Kg8 52. Qxg7# 1-0

[Event "Sydney International Open"]
[Site "*"]
[Date "2007.04.14"]
[Round "8.58"]
[White "Redgrave, John"]
[Black "Wan, Dennis"]
[Result "0-1"]
[WhiteElo "1857"]
[BlackElo "1525"]
[PlyCount "62"]

1. e4 e5 2. f4 exf4 3. Nf3 d6 4. Bc4 Be6 5. b3 Nc6 6. O-O d5 7. exd5 Bxd5 8.
Re1+ Nge7 9. Bf1 Bxf3 10. Qxf3 Qd4+ 11. Kh1 Qxa1 12. Nc3 O-O-O 13. Qf2 Ng6 14.
Bb5 Bc5 15. Qxc5 Rhe8 16. Rd1 Re5 17. Qg1 Rxb5 18. Nxb5 Qxa2 19. Na3 Qa1 20. c3
Qa2 21. b4 Qd5 22. c4 Qd3 23. b5 Nd4 24. h3 b6 25. Bb2 Ne2 26. Qf2 Ng3+ 27. Kg1
f6 28. Nb1 Qc2 29. Nc3 Qxb2 30. Qf3 Kb8 31. d4 Qxc3 0-1

[Event "Sydney International Open"]
[Site "*"]
[Date "2007.04.14"]
[Round "8.60"]
[White "Stahnke, Alexander"]
[Black "Reid, Vaness"]
[Result "1-0"]
[WhiteElo "1429"]
[BlackElo "1885"]
[PlyCount "91"]

1. c4 e5 2. Nc3 Nf6 3. Nf3 Nc6 4. g3 b6 5. Bg2 Bb7 6. O-O Be7 7. d3 d6 8. Bd2
h6 9. Rb1 Qd7 10. b4 O-O 11. b5 Nd8 12. a4 a5 13. Qc2 Ne6 14. Nxe5 dxe5 15.
Bxb7 Rab8 16. Bg2 Rfd8 17. Nd5 Nxd5 18. Bxd5 Nd4 19. Qd1 c6 20. bxc6 Nxc6 21.
e3 Nb4 22. Bxb4 Bxb4 23. d4 exd4 24. exd4 Qd6 25. Qf3 Rd7 26. Rfd1 Re7 27. Kg2
Qg6 28. c5 bxc5 29. dxc5 Qc2 30. Rdc1 Qxa4 31. c6 Rc8 32. Qf5 Rcc7 33. Bb3 Qa3
34. Qd5 Rc8 35. c7 Bd6 36. Ra1 Qb4 37. Ra4 Qb6 38. Rc6 Qa7 39. Rxd6 Rexc7 40.
Rxa5 Qb8 41. Rb5 Qa7 42. Rd8+ Rxd8 43. Qxd8+ Kh7 44. Qb8 Qa6 45. Qxc7 Qxb5 46.
Bc2+ 1-0

[Event "Sydney International Open"]
[Site "*"]
[Date "2007.04.14"]
[Round "8.61"]
[White "Marquez, Julius Caesar"]
[Black "Yu, Sally"]
[Result "0-1"]
[WhiteElo "1450"]
[BlackElo "1697"]
[PlyCount "60"]

1. e4 e5 2. Nf3 Nc6 3. Bb5 a6 4. Ba4 Nf6 5. d3 b5 6. Bb3 Be7 7. O-O d6 8. c3
O-O 9. Nbd2 Bg4 10. Re1 Nb8 11. a4 Nbd7 12. Nf1 Nc5 13. Bc2 bxa4 14. Bxa4 Nxa4
15. Rxa4 Qd7 16. Ra5 h6 17. h3 Be6 18. Ne3 c6 19. Qc2 Qc7 20. b4 d5 21. exd5
cxd5 22. Bd2 Bd6 23. Rea1 Qb7 24. Qa4 Bc8 25. Qa2 Bc7 26. Ra4 Rd8 27. c4 d4 28.
Nc2 Nd7 29. c5 Qb5 30. Qb3 Nxc5 0-1

[Event "Sydney International Open"]
[Site "*"]
[Date "2007.04.14"]
[Round "8.62"]
[White "Kumar, Dhirendra"]
[Black "Guo, Emma"]
[Result "0-1"]
[WhiteElo "1314"]
[BlackElo "1543"]
[PlyCount "36"]

1. d4 Nf6 2. c4 c5 3. d5 b5 4. b3 bxc4 5. bxc4 d6 6. Nc3 g6 7. Nf3 Bg7 8. Rb1
Bf5 9. Qa4+ Nbd7 10. Rb7 O-O 11. e4 Nb6 12. Qc2 Bc8 13. Rxb6 Qxb6 14. Bd3 Ba6
15. O-O Qb4 16. Bd2 Bxc4 17. Rb1 Bxd3 18. Qxd3 Qa5 0-1

[Event "Sydney International Open"]
[Site "*"]
[Date "2007.04.14"]
[Round "8.63"]
[White "Ross, Bill"]
[Black "Anton, Sarah"]
[Result "1-0"]
[WhiteElo "1533"]
[BlackElo "754"]
[PlyCount "49"]

1. e4 c5 2. Nc3 d6 3. f4 e6 4. Nf3 Nf6 5. Bb5+ Bd7 6. Bxd7+ Nbxd7 7. d3 Be7 8.
O-O O-O 9. Qe1 a6 10. Ng5 Ne8 11. Qg3 Bxg5 12. fxg5 Ne5 13. Bf4 Ng6 14. Be3 b5
15. h4 f6 16. h5 Ne5 17. gxf6 Nxf6 18. Bxc5 Nxh5 19. Rxf8+ Qxf8 20. Qxe5 dxc5
21. Qxh5 Qf6 22. Rf1 Qd4+ 23. Kh1 b4 24. Qf7+ Kh8 25. Qf8+ 1-0

[Event "Sydney International Open"]
[Site "*"]
[Date "2007.04.14"]
[Round "8.64"]
[White "Leong, Edward"]
[Black "McKenzie, Mark"]
[Result "1-0"]
[WhiteElo "1510"]
[BlackElo "1214"]
[PlyCount "69"]

1. e4 Nf6 2. e5 Nd5 3. d4 d6 4. Nf3 Bg4 5. Be2 Nc6 6. c4 Nb6 7. exd6 exd6 8. b3
Be7 9. O-O O-O 10. Bb2 Bf6 11. Na3 a6 12. Nc2 Bf5 13. Ne3 Be4 14. Ng4 Nd7 15.
Nxf6+ Nxf6 16. d5 Ne7 17. Bxf6 gxf6 18. Bd3 f5 19. Bxe4 fxe4 20. Ng5 f5 21. Qh5
h6 22. Qxh6 Rf7 23. Qh8+ Kxh8 24. Nxf7+ Kg7 25. Nxd8 Rxd8 26. Rae1 Ng6 27. f3
Re8 28. fxe4 fxe4 29. Re2 e3 30. Rfe1 Re4 31. Rxe3 Rd4 32. Kf2 Ne5 33. Rxe5
dxe5 34. Rxe5 Rd2+ 35. Re2 1-0

[Event "Sydney International Open"]
[Site "*"]
[Date "2007.04.14"]
[Round "8.65"]
[White "Kumar, Sanjesh"]
[Black "Wu, Shirley"]
[Result "1-0"]
[WhiteElo "1153"]
[BlackElo "1502"]
[PlyCount "77"]

1. e4 c5 2. c3 e6 3. f4 d5 4. e5 Nc6 5. Nf3 Qb6 6. d4 Nh6 7. Be2 cxd4 8. cxd4
Nf5 9. Nc3 Nfxd4 10. Nxd4 Qxd4 11. Qxd4 Nxd4 12. O-O Nxe2+ 13. Nxe2 Bc5+ 14.
Kh1 Bd7 15. Rf3 Bb5 16. Nc3 Bc6 17. Rg3 Ke7 18. Rxg7 Rag8 19. Rg5 h6 20. Rg3 d4
21. Nd1 Kf8 22. Bd2 Rh7 23. b3 Rhg7 24. Be1 Bxg2+ 25. Kxg2 h5 26. Rc1 Rxg3+ 27.
hxg3 Bb6 28. Rc8+ Kg7 29. Rxg8+ Kxg8 30. Kf3 Kg7 31. Bf2 f6 32. exf6+ Kxf6 33.
Ke4 a6 34. Bxd4+ Bxd4 35. Kxd4 b6 36. a4 a5 37. Ne3 Kg6 38. Ke5 Kf7 39. Nc4 1-0

[Event "Sydney International Open"]
[Site "*"]
[Date "2007.04.14"]
[Round "8.66"]
[White "Evans, Carrie"]
[Black "Kumar, Karishma"]
[Result "1-0"]
[WhiteElo "1461"]
[BlackElo "755"]
[PlyCount "81"]

1. c4 e5 2. Nc3 Nf6 3. g3 g6 4. Bg2 Bg7 5. Nf3 d6 6. O-O Nc6 7. d3 Bg4 8. h3
Bf5 9. e4 Be6 10. Nd5 Bxd5 11. cxd5 Nd4 12. Nxd4 exd4 13. Qa4+ Nd7 14. h4 Qf6
15. Bh3 Qd8 16. b3 a6 17. Bg5 Qc8 18. b4 b5 19. Qc2 O-O 20. Qc6 Ne5 21. Bxc8
Nxc6 22. Bb7 Rab8 23. Bxc6 h6 24. Bd2 Be5 25. Bxh6 Rfd8 26. Bg5 Rf8 27. Be7
Rfc8 28. Bd7 Kg7 29. Bxc8 Rxc8 30. f4 Bf6 31. Bxf6+ Kxf6 32. Rac1 Ke7 33. f5
gxf5 34. Rxf5 Kf8 35. Rcf1 Kg7 36. Rxf7+ Kg6 37. Kg2 c6 38. Kh3 Kh5 39. R7f6
Rg8 40. R1f5+ Rg5 41. Rxg5# 1-0

[Event "Sydney International Open"]
[Site "*"]
[Date "2007.04.14"]
[Round "8.67"]
[White "Tan, Justin"]
[Black "Greenwood, Norman"]
[Result "0-1"]
[WhiteElo "367"]
[BlackElo "1515"]
[PlyCount "74"]

1. e4 e5 2. Nf3 d5 3. exd5 e4 4. Qe2 Nf6 5. d3 Qe7 6. Ng5 Bg4 7. Qe3 Nxd5 8.
Qxe4 f5 9. Qxe7+ Bxe7 10. Ne6 Kf7 11. Ng5+ Bxg5 12. Bxg5 Re8+ 13. Kd2 h6 14.
Be3 Nxe3 15. fxe3 Nc6 16. Nc3 Bh5 17. Nd5 Rac8 18. Nf4 Bg6 19. Nxg6 Kxg6 20.
Be2 Nb4 21. a3 Nd5 22. c4 Nxe3 23. Bf3 Kf6 24. Bxb7 Rb8 25. Bc6 Rxb2+ 26. Kc3
Reb8 27. Rhg1 f4 28. Kd4 Nc2+ 29. Ke4 Nxa1 30. Rxa1 g5 31. Kd4 Rd8+ 32. Kc3 Rb6
33. Be4 Rdb8 34. d4 Rb3+ 35. Kc2 Rb2+ 36. Kc1 Rf2 37. Kd1 Rf1+ 0-1

[Event "Sydney International Open"]
[Site "*"]
[Date "2007.04.14"]
[Round "8.68"]
[White "Wettstein, Carla"]
[Black "Watson, Jean"]
[Result "0-1"]
[WhiteElo "1487"]
[BlackElo "1234"]
[PlyCount "66"]

1. c4 e6 2. Nc3 d5 3. cxd5 exd5 4. d4 Nf6 5. Bg5 Be7 6. Nf3 O-O 7. h3 c6 8. e3
h6 9. Bh4 Bf5 10. Bd3 Bxd3 11. Qxd3 Nbd7 12. O-O Re8 13. Nd2 Nf8 14. f3 Ng6 15.
Bf2 Qd7 16. Rac1 Bf8 17. Ne2 Re6 18. Ng3 Rae8 19. a3 Bd6 20. Nf5 Bb8 21. Rfe1
h5 22. Bg3 Bxg3 23. Nxg3 Qc7 24. Nf5 Ne7 25. Nxe7+ R8xe7 26. Kf2 h4 27. Nf1 Nh5
28. f4 Nxf4 29. exf4 Qxf4+ 30. Qf3 Qxd4+ 31. Qe3 Rxe3 32. Nxe3 Rxe3 33. Rxe3
Qxb2+ 0-1

[Event "Sydney International Open"]
[Site "*"]
[Date "2007.04.14"]
[Round "8.70"]
[White "Tacorda, Ely"]
[Black "Tulic, Ido"]
[Result "0-1"]
[WhiteElo "1250"]
[BlackElo "1450"]
[PlyCount "42"]

1. d4 Nf6 2. f4 d5 3. Nc3 e6 4. b3 Bb4 5. Qd2 Nc6 6. Nf3 Qe7 7. e3 Ne4 8. Qd3
Bxc3+ 9. Kd1 Bxa1 10. c3 Nf2+ 11. Kd2 Nxd3 12. Bxd3 Bd7 13. Ne5 Nxe5 14. dxe5
b5 15. Kc2 b4 16. cxb4 Qxb4 17. Kb1 Qc3 18. Be2 Rb8 19. Bd1 a5 20. Bh5 a4 21.
Rd1 Rxb3+ 0-1

[Event "Sydney International Open"]
[Site "*"]
[Date "2007.07.14"]
[Round "9.3"]
[White "Antic, Dejan"]
[Black "Chandler, Murray G"]
[Result "1-0"]
[WhiteElo "2443"]
[BlackElo "2548"]
[PlyCount "86"]

1. d4 Nf6 2. c4 e6 3. Nf3 b6 4. g3 Ba6 5. b3 Bb7 6. Bg2 Bb4+ 7. Bd2 a5 8. O-O
O-O 9. Nc3 d6 10. Rc1 Nbd7 11. d5 e5 12. Nb5 Bxd2 13. Nxd2 Nc5 14. a3 Qd7 15.
Nc3 Rae8 16. b4 axb4 17. axb4 Na6 18. Rb1 Ng4 19. e4 g6 20. Na4 Bc8 21. h3 Nh6
22. c5 bxc5 23. bxc5 dxc5 24. Rc1 f5 25. exf5 Nxf5 26. Ne4 Nd4 27. Naxc5 Nxc5
28. Nxc5 Qb5 29. Re1 Qb6 30. Re3 Re7 31. f4 Nf5 32. Rxe5 Rxe5 33. fxe5 Qb2 34.
Qe1 Nxg3 35. Nd3 Qd4+ 36. Kh2 Nf5 37. Qe4 Qb6 38. Rc6 Qa5 39. Rc5 Qd2 40. e6
Nd6 41. Qe5 Ne8 42. Qc3 Qg5 43. d6 Ba6 1-0

[Event "Sydney International Open"]
[Site "*"]
[Date "2007.07.14"]
[Round "9.5"]
[White "Zhao, Zong-Yuan"]
[Black "Toth, Andras"]
[Result "1-0"]
[WhiteElo "2476"]
[BlackElo "2408"]
[PlyCount "108"]

1. e4 c5 2. Nf3 e6 3. d4 cxd4 4. Nxd4 Nf6 5. Nc3 d6 6. Be2 a6 7. O-O Nbd7 8. a4
b6 9. f4 Bb7 10. Bf3 Qc7 11. g4 h6 12. f5 exf5 13. exf5 Ne5 14. Bxb7 Qxb7 15.
Qe2 Be7 16. h3 Rc8 17. Bf4 O-O 18. Qg2 Qxg2+ 19. Kxg2 Rc4 20. Nce2 Rfc8 21. b3
R4c7 22. c4 Nd3 23. Rad1 Nc5 24. Nc3 Rd7 25. Rfe1 d5 26. Nxd5 Nxd5 27. cxd5 Bh4
28. Rf1 Rxd5 29. Nf3 Rxd1 30. Rxd1 Bf6 31. a5 bxa5 32. Rc1 Be7 33. Be3 Rc7 34.
Bxc5 Rxc5 35. Rxc5 Bxc5 36. Ne5 Bd4 37. Nc6 Bc3 38. Kf3 Kf8 39. Ke4 Ke8 40. Kd5
Kd7 41. Nb8+ Kc7 42. Nxa6+ Kb6 43. Nc5 Kb5 44. Nd3 Bb4 45. h4 Be7 46. h5 Ba3
47. Ne5 Bb2 48. g5 Kb4 49. f6 gxf6 50. g6 fxg6 51. hxg6 fxe5 52. g7 Kxb3 53.
g8=Q a4 54. Kc5+ Ka3 1-0

[Event "Sydney International Open"]
[Site "*"]
[Date "2007.07.14"]
[Round "9.6"]
[White "Solomon, Stephen J"]
[Black "Goldenberg, Igor"]
[Result "1/2-1/2"]
[WhiteElo "2430"]
[BlackElo "2388"]
[PlyCount "108"]

1. e4 c5 2. Nf3 e6 3. d4 cxd4 4. Nxd4 Nc6 5. Nc3 d6 6. Be2 Nf6 7. O-O Be7 8.
Be3 Bd7 9. f4 Nxd4 10. Bxd4 Bc6 11. Qd3 O-O 12. Rad1 Nd7 13. Qg3 Bf6 14. e5
dxe5 15. fxe5 Be7 16. Rf4 Qc7 17. Bd3 g6 18. h4 Nxe5 19. Re4 Bxe4 20. Nxe4 f6
21. h5 Rf7 22. Rf1 Raf8 23. c3 Rg7 24. h6 Rgf7 25. Bc2 Bd8 26. Nc5 Re8 27. Bb3
Qc6 28. Qh3 f5 29. Re1 Bf6 30. Qg3 b6 31. Nxe6 Rxe6 32. Bxe5 Qc5+ 33. Bd4 Bxd4+
34. cxd4 Rxe1+ 35. Qxe1 Qxd4+ 36. Kh1 Kf8 37. Qe6 Rd7 38. Qg8+ Ke7 39. Qxh7+
Kf6 40. Qg8 Kg5 41. h7 Re7 42. Be6 Qh4+ 43. Kg1 Qxh7 44. Qd8 Qg7 45. Qd2+ Kh5
46. g3 g5 47. Bxf5 g4 48. Bc2 Qh6 49. Qh2+ Kg5 50. Qd2+ Kh5 51. Qh2+ Kg5 52.
Qd2+ Kh5 53. Qh2+ Kg5 54. Qf2 Kh5 1/2-1/2

[Event "Sydney International Open"]
[Site "*"]
[Date "2007.07.14"]
[Round "9.7"]
[White "Lane, Gary W"]
[Black "Rej, Tomek"]
[Result "1-0"]
[WhiteElo "2421"]
[BlackElo "2260"]
[PlyCount "91"]

1. e4 e5 2. Nf3 Nc6 3. Bc4 Bc5 4. c3 Nf6 5. d3 d6 6. O-O Bg4 7. Re1 Qd7 8. a4
a5 9. Bb5 O-O 10. d4 exd4 11. cxd4 Bb4 12. Nc3 d5 13. e5 Ne4 14. Nxe4 Bxe1 15.
Nc5 Bxf3 16. gxf3 Qh3 17. Bxc6 Bxf2+ 18. Kxf2 Qxh2+ 19. Ke3 bxc6 20. Bd2 Qh6+
21. f4 f6 22. e6 f5 23. Qf3 Rfe8 24. Kd3 Rxe6 25. Nxe6 Qxe6 26. Re1 Qe4+ 27.
Qxe4 fxe4+ 28. Kc2 Kf7 29. b3 Kf6 30. Kb2 h5 31. Rh1 g6 32. Rg1 c5 33. dxc5 d4
34. Kc2 c6 35. Be1 Kf5 36. Bh4 Ra7 37. Rg5+ Kxf4 38. Rxg6 Ke3 39. Rxc6 Rg7 40.
Rd6 Rg4 41. Be1 Rg2+ 42. Kd1 Kd3 43. c6 Rg5 44. c7 Rc5 45. Bxa5 e3 46. Rxd4+
1-0

[Event "Sydney International Open"]
[Site "*"]
[Date "2007.07.14"]
[Round "9.8"]
[White "Wright, Neil S"]
[Black "Smerdon, David C"]
[Result "0-1"]
[WhiteElo "2217"]
[BlackElo "2456"]
[PlyCount "80"]

1. d4 Nf6 2. c4 e6 3. g3 c5 4. d5 d6 5. Bg2 exd5 6. cxd5 g6 7. Nc3 Bg7 8. Nf3
O-O 9. O-O a6 10. a4 Nbd7 11. Nd2 Re8 12. Nc4 Ne5 13. Na3 Bd7 14. Bg5 h6 15.
Bd2 Rb8 16. Rb1 Qc8 17. f4 Neg4 18. Nc4 Qc7 19. a5 Bb5 20. Na3 Qd7 21. Nc2 h5
22. Re1 h4 23. h3 hxg3 24. hxg4 Qxg4 25. Nxb5 axb5 26. e4 Qh4 27. Qf3 Ng4 28.
Bc3 Nh2 29. Qe3 Bh6 30. Bd2 f5 31. b4 fxe4 32. Rb3 Nf3+ 33. Bxf3 Bxf4 34. Qe2
exf3 35. Qxf3 Qh2+ 36. Kf1 Bxd2 37. Rxe8+ Rxe8 38. Qg2 Rf8+ 39. Rf3 Rxf3+ 40.
Qxf3 Bxb4 0-1

[Event "Sydney International Open"]
[Site "*"]
[Date "2007.07.14"]
[Round "9.10"]
[White "Bernardino, Almario Marlon"]
[Black "Bjelobrk, Igor"]
[Result "0-1"]
[WhiteElo "2146"]
[BlackElo "2386"]
[PlyCount "108"]

1. Nf3 f5 2. g3 Nf6 3. Bg2 g6 4. O-O Bg7 5. d4 O-O 6. c4 d6 7. Nc3 Nc6 8. Rb1
Ne4 9. Nxe4 fxe4 10. Ng5 Nxd4 11. Nxe4 c6 12. e3 Ne6 13. b4 a6 14. Bb2 Bxb2 15.
Rxb2 Qe8 16. h4 b5 17. Nd2 Bd7 18. f4 Rc8 19. a4 Ng7 20. Re1 Nf5 21. Kh2 Qf7
22. axb5 axb5 23. cxb5 cxb5 24. Bh3 Rc7 25. Nf3 h6 26. Rc2 Rxc2+ 27. Qxc2 Rc8
28. Qb2 Be6 29. e4 Ng7 30. Bg2 Nh5 31. Nd4 Bd7 32. Rc1 Ra8 33. Ra1 Rxa1 34.
Qxa1 Qc4 35. Qb2 Kf8 36. e5 Ng7 37. exd6 exd6 38. Qd2 Ne8 39. f5 g5 40. hxg5
hxg5 41. Nf3 Bxf5 42. Qxg5 Be6 43. Qh6+ Ke7 44. Ng5 Bf5 45. Nf3 Kd7 46. Nh4 Be4
47. Bh3+ Kc6 48. Qf8 Nc7 49. Qe7 Qxb4 50. Qd8 Qd2+ 51. Ng2 b4 52. g4 b3 53. g5
b2 54. Bd7+ Kb6 0-1